000 00438pab a2200157 454500
008 180718b2014 xxu||||| |||| 00| 0 eng d
100 _aHoang, Kimberly Kay
245 _aFlirting with capital: Negotiating perceptions of pan-Asian ascendency and western decline in global sex work
260 _c2014
300 _ap.507-529.
362 _aNov
650 _aSex roles
773 _aSocial Problems
908 _aN
909 _a106537
999 _c106532
_d106532